<?xml version="1.0" encoding="UTF-8"?>
<record
    xmlns:xsi="http://www.w3.org/2001/XMLSchema-instance"
    xsi:schemaLocation="http://www.loc.gov/MARC21/slim http://www.loc.gov/standards/marcxml/schema/MARC21slim.xsd"
    xmlns="http://www.loc.gov/MARC21/slim">

  <leader>03035nac a22003375a 4500</leader>
  <controlfield tag="008">090531t2007    flua   f b    001 0 eng d</controlfield>
  <datafield tag="010" ind1=" " ind2=" ">
    <subfield code="a">  2006024895</subfield>
  </datafield>
  <datafield tag="020" ind1=" " ind2=" ">
    <subfield code="a">0849317304 (978-0-8493-1730-9 : alk. paper)</subfield>
  </datafield>
  <datafield tag="020" ind1=" " ind2=" ">
    <subfield code="a">9780849317309 (978-0-8493-1730-9 : alk. paper)</subfield>
  </datafield>
  <datafield tag="035" ind1=" " ind2=" ">
    <subfield code="a">(OCoLC)ocm70803472</subfield>
  </datafield>
  <datafield tag="035" ind1=" " ind2=" ">
    <subfield code="a">(OCoLC)70803472</subfield>
  </datafield>
  <datafield tag="040" ind1=" " ind2=" ">
    <subfield code="a">EG-ScBUE</subfield>
    <subfield code="b">eng</subfield>
    <subfield code="c">EG-ScBUE</subfield>
  </datafield>
  <datafield tag="082" ind1="0" ind2="4">
    <subfield code="a">333.79</subfield>
    <subfield code="b">HAN</subfield>
    <subfield code="2">22</subfield>
  </datafield>
  <datafield tag="245" ind1="0" ind2="0">
    <subfield code="a">Handbook of energy efficiency and renewable energy /</subfield>
    <subfield code="c">Edited by Frank Kreith, D. Yogi Goswami.</subfield>
  </datafield>
  <datafield tag="260" ind1=" " ind2=" ">
    <subfield code="a">Boca Raton :</subfield>
    <subfield code="b">CRC Press,</subfield>
    <subfield code="c">c.2007.</subfield>
  </datafield>
  <datafield tag="300" ind1=" " ind2=" ">
    <subfield code="a">1 v. (various pagings) :</subfield>
    <subfield code="b">ill. (some col.) ;</subfield>
    <subfield code="c">26 cm.</subfield>
  </datafield>
  <datafield tag="490" ind1=" " ind2=" ">
    <subfield code="a">Mechanical engineering series</subfield>
  </datafield>
  <datafield tag="504" ind1=" " ind2=" ">
    <subfield code="a">Includes bibliographical references and index.</subfield>
  </datafield>
  <datafield tag="505" ind1="0" ind2=" ">
    <subfield code="a">Global energy system / D. Yogi Goswami, Frank Kreith -- Energy policy -- Economics methods / Rosalie Ruegg, Walter Short -- Environmental impacts and costs of energy / Ari Rabl, Joseph V. Spadaro -- Distributed generation and demand-side management -- Generation technologies through the year 2025 -- Outlook for U.S. energy consumption and prices in the midterm / Andy S. Kydes -- Transportation systems / Beth Isler -- Infrastructure risk analysis and security -- Electrical energy management in buildings / Craig B. Smith, Kelly E. Parmenter -- Heating, ventilating, and air conditioning control systems / Jan F. Kreider, David E. Claridge, Charles H. Culp -- Energy efficient technologies -- Compact heat exchangers : recuperators and regenerators / Ramesh K. Shah -- Industrial energy efficiency and energy management / Craig B. Smith, Barney L. Capehart, Wesley M. Rohrer Jr. -- Process energy efficiency : pinch technology -- Energy audits for buildings / Moncef Krarti -- Cogeneration / W. Dan Turner -- Energy storage, transmission, and distribution -- Availability of renewable resources -- Solar thermal energy conversion -- Concentrating solar thermal power / Manuel Romero-Alvarez, Eduardo Zarza -- Wind energy conversion / Dale E. Berg -- Photovoltaics fundamentals, technology, and application -- Waste-to-energy combustion / Charles O. Velzy, Leonard M. Grillo -- Biomass conversion processes for energy recovery -- Geothermal power generation / Kevin Kitz -- Hydrogen energy technologies / S.A. Sherif, F. Barbir, T.N. Veziroglu, M. Mahishi, S.S. Srinivasan -- Fuel cells / Xianguo Li -- Appendices / Nitin Goel.</subfield>
  </datafield>
  <datafield tag="590" ind1=" " ind2=" ">
    <subfield code="a">Catalogued by : Mostafa El-Helaly</subfield>
  </datafield>
  <datafield tag="650" ind1=" " ind2="0">
    <subfield code="a">Energy conservation</subfield>
    <subfield code="v">Handbooks, manuals, etc.</subfield>
    <subfield code="9">5658</subfield>
    <subfield code="2">BUEsh</subfield>
  </datafield>
  <datafield tag="650" ind1=" " ind2="0">
    <subfield code="a">Renewable energy sources</subfield>
    <subfield code="v">Handbooks, manuals, etc.</subfield>
    <subfield code="9">5659</subfield>
    <subfield code="2">BUEsh</subfield>
  </datafield>
  <datafield tag="651" ind1=" " ind2=" ">
    <subfield code="2">BUEsh</subfield>
  </datafield>
  <datafield tag="653" ind1=" " ind2=" ">
    <subfield code="c">August2015</subfield>
  </datafield>
  <datafield tag="700" ind1="1" ind2=" ">
    <subfield code="a">Kreith, Frank.</subfield>
    <subfield code="9">5660</subfield>
    <subfield code="e">editor.</subfield>
  </datafield>
  <datafield tag="700" ind1="1" ind2=" ">
    <subfield code="a">Goswami, D. Yogi.</subfield>
    <subfield code="9">5661</subfield>
    <subfield code="e">editor.</subfield>
  </datafield>
  <datafield tag="830" ind1=" " ind2="0">
    <subfield code="a">Mechanical engineering series (Boca Raton, Fla.)</subfield>
    <subfield code="9">5662</subfield>
  </datafield>
  <datafield tag="856" ind1="4" ind2="1">
    <subfield code="3">Table of contents only</subfield>
    <subfield code="u">http://www.loc.gov/catdir/toc/ecip0618/2006024895.html</subfield>
  </datafield>
  <datafield tag="856" ind1="4" ind2="1">
    <subfield code="3">Publisher description</subfield>
    <subfield code="u">http://www.loc.gov/catdir/enhancements/fy0664/2006024895-d.html</subfield>
  </datafield>
  <datafield tag="942" ind1=" " ind2=" ">
    <subfield code="c">BB</subfield>
    <subfield code="k">333.79KRE</subfield>
    <subfield code="2">ddc</subfield>
  </datafield>
  <datafield tag="999" ind1=" " ind2=" ">
    <subfield code="c">7894</subfield>
    <subfield code="d">7894</subfield>
  </datafield>
  <datafield tag="952" ind1=" " ind2=" ">
    <subfield code="0">0</subfield>
    <subfield code="1">0</subfield>
    <subfield code="2">ddc</subfield>
    <subfield code="4">0</subfield>
    <subfield code="7">0</subfield>
    <subfield code="8">Alahram</subfield>
    <subfield code="a">MAIN</subfield>
    <subfield code="b">MAIN</subfield>
    <subfield code="c">1ST</subfield>
    <subfield code="d">2011-02-08</subfield>
    <subfield code="e">purchase</subfield>
    <subfield code="l">11</subfield>
    <subfield code="m">62</subfield>
    <subfield code="o">333.79 HAN</subfield>
    <subfield code="p">000009527</subfield>
    <subfield code="r">2025-07-15 00:00:00</subfield>
    <subfield code="s">2019-12-29</subfield>
    <subfield code="y">BB</subfield>
  </datafield>
  <datafield tag="952" ind1=" " ind2=" ">
    <subfield code="0">0</subfield>
    <subfield code="1">0</subfield>
    <subfield code="2">ddc</subfield>
    <subfield code="4">0</subfield>
    <subfield code="7">0</subfield>
    <subfield code="8">Alahram</subfield>
    <subfield code="a">MAIN</subfield>
    <subfield code="b">MAIN</subfield>
    <subfield code="c">1ST</subfield>
    <subfield code="d">2009-05-31</subfield>
    <subfield code="e">purchase</subfield>
    <subfield code="g">950.50</subfield>
    <subfield code="h">358</subfield>
    <subfield code="l">3</subfield>
    <subfield code="o">333.79 HAN</subfield>
    <subfield code="p">000016415</subfield>
    <subfield code="r">2025-07-15 00:00:00</subfield>
    <subfield code="s">2012-11-01</subfield>
    <subfield code="y">NB</subfield>
  </datafield>
</record>
